Aktivizovanie rozvoja cestovného ruchu v regióne z pozície regionálnej samosprávy

Vyššie územné celky (VÚC) ako subjekty regionálneho manažmentu cestovného ruchu. Prepojenosť VÚC a krajskej organizácie cestovného ruchu. Konkretizácia úloh VÚC v cestovnom ruchu v Zákone o podpore cestovného ruchu.

Salvato in:
Dettagli Bibliografici
Autore principale: Michálková, Anna, 1968-
Natura: Capitolo di libro
Lingua:slovacco
Soggetti:
Tags: Aggiungi Tag
Nessun Tag, puoi essere il primo ad aggiungerne!!

MARC

LEADER 00000naa a2200000 4500
001 0145638
005 20240502072627.5
041 0 |a slo 
044 |a SK 
245 1 0 |a Aktivizovanie rozvoja cestovného ruchu v regióne z pozície regionálnej samosprávy  |c Anna Michálková 
520 |a Vyššie územné celky (VÚC) ako subjekty regionálneho manažmentu cestovného ruchu. Prepojenosť VÚC a krajskej organizácie cestovného ruchu. Konkretizácia úloh VÚC v cestovnom ruchu v Zákone o podpore cestovného ruchu. 
610 2 0 |a ruch cestovný 
610 2 0 |a samospráva regionálna 
610 2 0 |a regióny 
610 2 0 |a vyššie územné celky 
610 2 0 |a organizácie 
610 2 0 |a kraje 
610 2 0 |a manažment 
610 2 0 |a legislatíva 
100 1 |a Michálková, Anna, 1968-